000 00282nam a2200133 i 4500
001 bg
100 1 _aSIMMER, K.
245 0 _aGrundbau /
_cK. Simmer.
260 _aStuttgard,
_c1967.
040 _cBPK
041 _apol
942 _cKS
008 s pl f |000 0 pol
999 _c11889
_d11889
856 _uhttp://koha.tu.koszalin.pl/cgi-bin/koha/opac-detail.pl?biblionumber=11889
_yKatalog online BPK